| 000 | 00726nam a22001577a 4500 | ||
|---|---|---|---|
| 003 | OSt | ||
| 005 | 20161130105826.0 | ||
| 008 | 161130b xxu||||| |||| 00| 0 eng d | ||
| 040 | _cRUA | ||
| 082 | _aFOR CHH 2014 B544 Or.1 | ||
| 100 |
_911464 _aCHHORN SAVOEUN; ឆន សាវើន |
||
| 245 | _aStudy on simese crocodile breeding at phnom tamao zoological and wilelife rescue center; សិក្សាពីការបង្កាត់ពូជក្រពើភ្នំនៅឧទ្យានសួនសត្វនិងមជ្ឈមណ្ឌលសង្គ្រោះសត្វព្រៃភ្នំតាមៅ | ||
| 260 |
_aPHNOM PENH _bCHH _c2014 |
||
| 300 |
_axi;39p. _bill. _c29cm. |
||
| 942 |
_2ddc _cFOR |
||
| 999 |
_c11020 _d11020 |
||